| 000 | 00460nam a2200193Ia 4500 | ||
|---|---|---|---|
| 005 | 20240823040842.0 | ||
| 008 | 240823s9999||||xx |||||||||||||| ||und|| | ||
| 020 | _a978-93-81141-82-3 | ||
| 041 | _aENGLISH | ||
| 082 | _A346.07 Q2 | ||
| 100 | _aSharma S P | ||
| 245 | 0 | _aBusiness Law | |
| 250 | _a1st | ||
| 260 |
_c2012 _bI.K International Publishing |
||
| 500 | _aYES | ||
| 650 |
_aBusiness laws _bManagement Studies |
||
| 942 | _cBK | ||
| 999 |
_c204102 _d204102 |
||